| 000 | 01072nam a22002897a 4500 | ||
|---|---|---|---|
| 005 | 20141127103805.0 | ||
| 008 | 141127t2006 xxua fr 001 0 eng d | ||
| 020 | _a9780781741187 | ||
| 020 | _a0781741181 | ||
| 040 | _aEG-ScBUE | ||
| 082 | 0 | 0 |
_222 _a615.1076 _bHOW |
| 100 | 1 |
_aHowland, Richard D. _936677 |
|
| 245 | 1 | 0 |
_aPharmacology / _cRichard D. Howland, Mary J. Mycek ; editors Richard A. Harvey, Pamela C. Champe. |
| 250 | _a3rd ed. | ||
| 260 |
_aBaltimore, United States : _bLippincott Williams & Wilkins, _cc.2006. |
||
| 300 |
_avii, 552 p. : _bill. (col.) ; _c28 cm. |
||
| 490 | 0 | _aLippincott's illustrated reviews | |
| 500 | _aIndex : p. 525-552. | ||
| 650 | 0 |
_936103 _aPharmacology _vExaminations, questions, etc. |
|
| 650 | 0 |
_936102 _aPharmacology _vOutlines, syllabi, etc. |
|
| 653 |
_bPPhrm _cNovember2014 |
||
| 655 |
_vreading book _934232 |
||
| 700 | 1 |
_aMycek, Mary J. _936678 _d1926- _q(Mary Julia), |
|
| 700 | 1 |
_930034 _aHarvey, Richard A., _cPh. D. _eeditor. |
|
| 700 | 1 |
_aChampe, Pamela C. _930183 _eeditor. |
|
| 942 |
_2ddc _k615.1076 HOW |
||
| 999 |
_c18676 _d18648 |
||